00933nam a22002415i 450000100060000000300090000600500170001500700030003200800410003502000180007604000220009408000300011610000330014624500780017926001370025730000390039449000580043350400300049161000410052171000390056283000550060185200350065667156ES-MaACL20250806062534.0t|930415s1989 sp ||||0| spa d a84-7812-062-9 aM-BN bspa cM-BN a712.25(460.27 M.):58(091)1 aDiego Calonge, Francisco de.13aEl Real Jardín Botánico de Madrid / cpor Francisco de Diego Calonge. aMadrid : bAyuntamiento de Madrid, Area de Cultura, Educación, Juventud y Deportes : bInstituto de Estudios Madrileños, c1989. a26 p., [12] p. de lám ; c22 cm.1 aCiclo de conferencias: El Madrid de Carlos III ; v24 aBibliografía: p. 23-24.27aReal Jardín Botánico-vHistoria.2 aInstituto de Estudios Madrileños00aCiclo de conferencias: El Madrid de Carlos IIIv24 aES-MaACLj2172-F-25 bR.133729